水滸傳

資料類型: Book 圖書   書目號:53861

Leader xxxxxxxxxx
001 __ PCLIS00053861
005 __ 20210624142146.0
010 0_ |a978-986-97240-5-0|b平裝|dNT$395
100 __ |a20200415d2019       y0chiy09      e
101 0_ |achi
102 __ |atw 
105 __ |aa   z   000ay
200 1_ |a水滸傳|f施耐庵原著|g吳淡如改寫
205 __ |a初版
210 __ |a臺南市|c聚光文創|d2019[民108]
215 0_ |a218面|c|d21公分
225 1_ |a中國古典文學|v3
300 __ |a題名取自吳淡如
312 __ |a英文題名: Outlaws of the Marsh
517 1_ |aOutlaws of the Marsh|zeng
605 __ |2csh|a水滸傳
681 __ |a857.46|b8434
700 _1 |a|b耐庵|4原著
702 _1 |a|b淡如|4改寫
801 _0 |atw|b內湖高中|c20200415|gCCR
  
詳細館藏(共 1 筆)
索 書 號登 錄 號冊次號館別 / 館藏地流通類型狀態加入預約清單電子資源
857.46 / 8866 1026471  圖書館 / 一樓普通區 可外借30天 在館   

| 條列資料




目錄查詢 分類查詢 個人資料 圖書薦購 新書查詢 閉館日 排行榜 更多電子資源 Hami書城 線上資料庫 登出

From : 216.73.217.52

  本日流通累計至 21:39:36 借閱 : 0 次 續借 : 0 次 歸還 : 0 次 預約 : 0 次 電子資源 : 0 次


內湖高中圖書館  PCLIS 版本  26.5.0.12